Dolomieu en Égypte, 30 Juin 1798 - 10 Mars 1799 /

Saved in:

Main Author: Dolomieu, Déodat de, 1750-1801 (Author)

Other Authors: Lacroix, Alfred, 1863-1948., Daressy, Georges, 1864-1938.

Format: Book

Language: French

Published: Le Caire : Imprint de l'Institut français d'archéologie orientale, 1922.

Series: Mémoires présentés à l'Institut d'Égypte ; 3.
Mémoires de l'Institut d'Égypte ; 3.
MIE ; 3.

Subjects:

Tags: Add Tag

No Tags, Be the first to tag this record!

Call Number: DT43 .I625 v.3

LEADER 00992namaa2200289 4500
001 18843
003 OSt
005 20260316120343.0
008 130303s1922 ua b 000 0 fre d
010 |a 23018461 
040 |c ARCE Library 
050 4 |a DT43 .I625 v.3 
100 1 |a Dolomieu, Déodat de,  |d 1750-1801,   |e author  |9 29119 
245 1 0 |a Dolomieu en Égypte, 30 Juin 1798 - 10 Mars 1799 /   |c par M. A. Lacroix ; annotés par M. G. Daressy. 
264 1 |a Le Caire :   |b Imprint de l'Institut français d'archéologie orientale,   |c 1922. 
300 |a viii, 140 pages :   |b folded map ;   |c 28 cm. 
490 0 |a Mémoires présentés à l'Institut d'Égypte ;   |v 3. 
490 0 |a Mémoires de l'Institut d'Égypte ;   |v 3. 
490 0 |a MIE ;   |v 3. 
555 |a wafaa.lib. 
650 0 |a Agriculture  |z Egypt. 
651 0 |a Egypt  |x Antiquities. 
700 1 |a Lacroix, Alfred,  |d 1863-1948.  |9 34338 
700 1 |a Daressy, Georges,  |d 1864-1938. 
901 |a reviewed 
942 |c BK  |2 lcc 
999 |c 20220  |d 20220